| 000 | 01596nam0a2200337 4500 | ||
|---|---|---|---|
| 001 | RU\NLR\bibl\1087627 | ||
| 005 | 20241119160157.0 | ||
| 020 |
_aRU _b07-07118 _9Летопись авторефератов диссертаций |
||
| 021 |
_aRU _b2007-1432а _9058а |
||
| 035 | _a(NLR Aleph) 001074785 | ||
| 090 |
_a1021244 _c1021244 |
||
| 100 | _a20070405d2006 u u0rusy50 ca | ||
| 101 | 0 | _arus | |
| 102 | _aRU | ||
| 105 | _aa dm ||||| | ||
| 200 | 1 |
_aОбучение студентов технике музыкально-педагогического общения _e(на материале музыкальных колледжей) _eавтореф. дис. на соиск. учен. степ. канд. пед. наук _eспециальность 13.00.08 <Теория и методика проф. образования> _fБайбикова Галина Валентиновна _g[Белгор. гос. ун-т] |
|
| 210 |
_aБелгород _d2006 |
||
| 215 |
_a22 с. _cил. _d21 |
||
| 320 | _aБиблиогр.: с. 21-22 (10 назв.) | ||
| 675 |
_a377.5.016:81 _v3 _zrus |
||
| 686 |
_a14.31 _2rugasnti |
||
| 686 |
_a74.5 _2rubbk |
||
| 686 |
_a13.00.08 _2oksvnk |
||
| 700 | 1 |
_aБайбикова _bГ. В. _gГалина Валентиновна _4070 |
|
| 801 | 0 |
_aRU _bRKP _c20070405 _gPSBO |
|
| 801 | 1 |
_aRU _bRKP _c20070405 |
|
| 801 | 2 |
_aRU _bNLR _c20070518 _grcr |
|
| 901 | _eАвторефераты | ||
| 942 | _cBOOK | ||
| 981 | 1 | 0 | _a(10) Авторефераты |